Cities with Subway Systems: China - Statistics

General Stats
  • This quiz has been taken 108 times
    98 since last reset
  • The average score is 31 of 39
Answer Stats
Population Answer % Correct
21,542,000 Beijing
100%
24,281,400 Shanghai
100%
18,384,100 Chongqing
97%
11,547,491 Guangzhou
95%
6,525,000 Nanjing
95%
7,482,500 Hong Kong
93%
12,905,000 Shenzhen
93%
12,491,300 Tianjin
93%
11,940,500 Chengdu
92%
5,115,000 Harbin
92%
8,896,900 Wuhan
92%
3,830,000 Xiamen
89%
7,135,000 Xian
89%
9,119,000 Hangzhou
87%
7,030,550 Suzhou
86%
5,119,100 Shenyang
84%
3,575,000 Urumqi
84%
5,320,300 Changsha
83%
4,009,700 Dalian
83%
5,400,000 Fuzhou
82%
5,930,300 Qingdao
82%
3,895,000 Kunming
80%
4,417,600 Nanning
79%
4,200,000 Ningbo
78%
5,810,000 Zhengzhou
76%
3,542,319 Wuxi
74%
4,041,200 Changchun
72%
3,854,000 Hefei
72%
4,693,700 Jinan
72%
2,890,000 Lanzhou
71%
3,039,439 Wenzhou
71%
4,559,300 Shijiazhuang
70%
8,220,207 Dongguan
67%
2,049,800 Hohhot
64%
3,483,100 Guiyang
62%
7,307,870 Foshan
61%
2,935,000 Nanchang
58%
3,290,918 Changzhou
54%
3,053,778 Xuzhou
38%
No matching quizzes found
Score Distribution
Percent of People with Each Score
Percentile by Number Answered
Your Score History
You have not taken this quiz since the last reset